000 00891cam a22003013a 4500
001 6548
003 PGUSA
005 20140828083134.0
008 040901s2004||||xxu|||||s|||||000 1 eng d
040 _aPGUSA
_beng
042 _adc
050 4 _aPR
100 1 _aSabatini, Rafael,
_d1875-1950
245 1 0 _aCaptain Blood
_h[electronic resource] /
_cRafael Sabatini
260 _bProject Gutenberg,
_c2004
506 _aCopyrighted. Read the copyright notice inside this book for details.
516 _aElectronic text
653 _aAdventure stories
653 _aPirates -- Fiction
653 _aHistorical fiction
653 _aBritish -- Caribbean Area -- Fiction
653 _aCaribbean Area -- Fiction
653 _aPhysicians -- Fiction
653 _aSea stories
830 0 _aProject Gutenberg
_v6548
856 4 0 _uhttp://www.gutenberg.org/ebooks/6548
942 _cAB
999 _c235868
_d235868